000
00323nam a22001457a 4500
008
221206b ||||| |||| 00| 0 eng d
020
_a
9780134584010
041
_a
eng
080
_2
SIXTH EDITION
_a
159.9
082
_a
159.9WOO
100
_a
25
101
_a
PSI
245
_a
PSYCHOLOGY
_c
WOOD. E .S
942
_2
udc
_c
BK
999
_c
59113
_d
59113